[Event "AUTO-ADV-1963"]
[Site "http://www.queenalice.com/game.php?id=904404"]
[Date "2011.2.23"]
[Round "2"]
[White "msbasso01"]
[Black "n4ndu"]
[Result "1-0"]
[WhiteElo "1998"]
[BlackElo "1807"]

1. e4 e5 2. Nf3 Nc6 3. Bc4 d6 4. h3 Nf6 5. Ng5 d5 6. exd5 Nxd5 7. Qh5 g6 8. Qf3
Qxg5 9. Bxd5 Nd8 10. O-O c6 11. Bb3 Be6 12. d3 Qf5 13. Nd2 Bg7 14. Bxe6 Qxe6 15.
Nb3 Qd5 16. Qg3 O-O 17. Bd2 b6 18. Bc3 c5 19. Rfe1 Nc6 20. a3 Rae8 21. Nd2 Re7
22. Re2 Rfe8 23. Rae1 b5 24. Ne4 b4 25. axb4 cxb4 26. Bd2 a5 27. Bg5 Re6 28. Qf3
Nd4 29. Nf6+ Bxf6 30. Qxd5 Nxe2+ 31. Rxe2 Bxg5 32. Qxa5 Bf4 33. Qxb4 Ra8 34. g3
Bh6 35. Qc4 Rd8 36. Qc7 Bg5 37. Rxe5 Rxe5 38. Qxe5 1-0

[Event "AUTO-ADV-1963"]
[Site "http://www.queenalice.com/game.php?id=904405"]
[Date "2011.2.23"]
[Round "2"]
[White "n4ndu"]
[Black "msbasso01"]
[Result "0-1"]
[WhiteElo "1801"]
[BlackElo "1946"]

1. e4 c6 2. d4 d5 3. e5 Bf5 4. Nf3 e6 5. Bd2 Nd7 6. Ng5 Bg6 7. f4 c5 8. c3 Qb6
9. b3 cxd4 10. c4 dxc4 11. Bxc4 Ne7 12. Bc1 Nf5 13. Nd2 Ne3 14. Qf3 Nc2+ 15. Kd1
Nxa1 16. Bd3 Bxd3 17. Qxd3 h6 18. Ngf3 Bc5 19. Bb2 Nxb3 20. Nxb3 Rd8 21. Ke2 O-O
22. Nfxd4 Nb8 23. Qc2 Bxd4 0-1

[Event "AUTO-ADV-1963"]
[Site "http://www.queenalice.com/game.php?id=904406"]
[Date "2011.2.23"]
[Round "2"]
[White "ButchCassidy"]
[Black "n4ndu"]
[Result "0-1"]
[WhiteElo "1774"]
[BlackElo "1799"]

1. e4 e5 2. Nf3 d6 3. Bb5+ Bd7 4. Bxd7+ Qxd7 5. O-O Nc6 6. c3 Nf6 7. Re1 g6 8.
d3 Bg7 9. d4 O-O 10. d5 Na5 11. b3 b5 12. c4 bxc4 13. Bd2 Qb5 14. Bxa5 Qxa5 15.
bxc4 Qc5 16. Nbd2 Bh6 17. Rc1 Rab8 18. Nb3 Qa3 19. Re2 Bxc1 20. Nxc1 Rb2 21.
Rxb2 Qxb2 22. Ng5 Qb1 23. h3 Nxe4 24. Nxe4 Qxe4 25. Qa4 Qe1+ 0-1

[Event "AUTO-ADV-1963"]
[Site "http://www.queenalice.com/game.php?id=904407"]
[Date "2011.2.23"]
[Round "2"]
[White "n4ndu"]
[Black "ButchCassidy"]
[Result "1-0"]
[WhiteElo "1791"]
[BlackElo "1790"]

1. e4 e5 2. Nf3 Nc6 3. Nc3 Bc5 4. Bc4 Nf6 5. a3 O-O 6. d3 h6 7. Nd5 d6 8. Bd2
Ng4 9. O-O Nd4 10. Nxd4 Bxd4 11. c3 Qh4 12. h3 Nxf2 13. Rxf2 Bxf2+ 14. Kf1 f5
15. Ne7+ Kh8 16. Ng6+ 1-0

[Event "AUTO-INT-1833"]
[Site "http://www.queenalice.com/game.php?id=907772"]
[Date "2011.3.3"]
[Round "2"]
[White "SGF"]
[Black "n4ndu"]
[Result "0-1"]
[WhiteElo "1683"]
[BlackElo "1812"]

1. e4 e5 2. Qf3 Nf6 3. d3 h6 4. Be2 Nc6 5. c3 Bd6 6. Qg3 g6 7. h4 Be7 8. h5 g5
9. Bxg5 hxg5 10. Qxg5 Nxe4 11. Qg7 Bf6 12. Qg4 d5 13. Qf3 Ng5 14. Qg3 Bf5 15. h6
e4 16. dxe4 Nxe4 17. Qf3 Qe7 18. Qxf5 Qe6 19. Qxe6+ fxe6 20. Nd2 Nxd2 21. Kxd2
O-O-O 22. Bg4 Rde8 23. h7 Re7 24. Nf3 Kd7 25. Rh6 Ne5 26. Rxf6 Nxg4 27. Ng5 Nxf6
28. f4 Rg7 29. Re1 Ne4+ 30. Nxe4 dxe4 31. Rxe4 Rxg2+ 32. Kc1 Rxh7 33. Rd4+ Kc8
34. Rd1 Rf7 35. Rf1 Rg4 36. b4 Rfxf4 37. Re1 Kd7 38. a4 c6 39. b5 Rxa4 40. bxc6+
bxc6 41. Kc2 a5 42. Rd1+ Ke7 43. Kb3 c5 44. Rd2 e5 45. Rd5 Ke6 46. Rxc5 Kd6 47.
Rb5 Rge4 48. Rb6+ Kc5 49. Ra6 Kb5 50. Re6 Rac4 51. Rd6 a4+ 52. Kb2 Re2+ 53. Kc1
Rxc3+ 54. Kd1 Ree3 55. Kd2 e4 56. Rd5+ Kc4 57. Rd8 Rcd3+ 58. Rxd3 Rxd3+ 59. Ke2
a3 60. Ke1 Kc3 61. Ke2 e3 62. Ke1 Rd2 63. Kf1 Kd3 64. Ke1 e2 65. Kf2 Rd1 66. Kf3
e1=Q 67. Kg2 Qe3 68. Kh2 Qg5 69. Kh3 Rh1# 0-1

[Event "AUTO-INT-1833"]
[Site "http://www.queenalice.com/game.php?id=907773"]
[Date "2011.3.3"]
[Round "2"]
[White "n4ndu"]
[Black "SGF"]
[Result "1-0"]
[WhiteElo "1824"]
[BlackElo "1736"]

1. e4 e5 2. Nf3 Qf6 3. Nc3 c6 4. Bc4 b5 5. Bb3 a5 6. a4 Bb4 7. axb5 Bxc3 8. dxc3
cxb5 9. Bd5 Ra6 10. b3 a4 11. Ba3 axb3 12. cxb3 Ne7 13. Bxe7 Qxe7 14. O-O h5 15.
b4 g5 16. h3 g4 17. Nh2 gxh3 18. g3 h4 19. g4 d6 20. Qf3 Rg8 21. Kh1 Qg5 22. Rg1
Rxa1 23. Rxa1 Nd7 24. Bxf7+ Ke7 25. Bxg8 Qxg8 26. Qxh3 Nf6 27. f3 Qh7 28. Ra7+
Bd7 29. g5 Ke8 30. Ra8+ Ke7 31. Qg2 h3 32. Qd2 Bc6 33. Ra7+ Nd7 34. Ng4 Ke6 35.
Kh2 Qh5 36. Qe3 Nf8 37. Nf2 Qh4 38. Nxh3 Ng6 39. Qg1 Nf4 40. Qg4+ Qxg4 41. fxg4
Ne2 42. g6 Bxe4 43. g7 Bh7 44. Ng5+ Kd5 45. Nxh7 Nxc3 46. g8=Q+ Ke4 47. Qg6+ Kd5
48. Nf6+ Kc4 49. Rc7+ Kd4 50. Qc2 Nd5 51. Nxd5 Kxd5 52. Qc6+ Ke6 53. Rd7 e4 54.
Qxd6# 1-0

[Event "AUTO-INT-1833"]
[Site "http://www.queenalice.com/game.php?id=907774"]
[Date "2011.3.3"]
[Round "2"]
[White "Tauro"]
[Black "n4ndu"]
[Result "0-1"]
[WhiteElo "1825"]
[BlackElo "1823"]

1. e4 e5 2. Nf3 Nc6 3. d4 Nxd4 4. Nxe5 Ne6 5. Nc3 d6 6. Nf3 Nf6 7. e5 dxe5 8.
Qxd8+ Nxd8 9. Nxe5 Bd6 10. Nf3 O-O 11. Be3 c6 12. O-O-O Bb4 13. Bd4 Bxc3 14.
Bxc3 Nd5 15. Bd4 Bg4 16. Bc4 Ne6 17. Bxd5 Nxd4 18. Rxd4 Bh5 19. Rh4 Bg6 20. Be4
Bxe4 21. Rxe4 h6 0-1

[Event "AUTO-INT-1833"]
[Site "http://www.queenalice.com/game.php?id=907775"]
[Date "2011.3.3"]
[Round "2"]
[White "n4ndu"]
[Black "Tauro"]
[Result "1-0"]
[WhiteElo "1839"]
[BlackElo "1809"]

1. e4 c6 2. Nc3 d5 3. exd5 cxd5 4. d4 Nf6 5. Nf3 Nc6 6. Bb5 Bg4 7. Bf4 e6 8. a3
Ne4 9. Qd3 Nxc3 10. Qxc3 Qb6 11. Bxc6+ Qxc6 12. Qxc6+ bxc6 13. Ne5 Bf5 14. c3 c5
15. Be3 cxd4 16. Bxd4 Bd6 17. Nc6 a6 18. O-O O-O 19. Rfe1 1-0

[Event "AUTO-ADV-2154"]
[Site "http://www.queenalice.com/game.php?id=936146"]
[Date "2011.5.9"]
[Round "1"]
[White "kingpatrick"]
[Black "n4ndu"]
[Result "1-0"]
[WhiteElo "1829"]
[BlackElo "1854"]

1. d4 e6 2. c4 d5 3. Nc3 dxc4 4. e4 b5 5. Nf3 c6 6. e5 Bb4 7. a3 Ba5 8. Be2
Bxc3+ 9. bxc3 a5 10. O-O Ne7 11. Bg5 h6 12. Be3 Nd5 13. Qd2 Nd7 14. a4 Ba6 15.
Qc1 O-O 16. Bd2 Qb6 17. Bxh6 Nxc3 18. Qxc3 gxh6 19. Qe3 Kg7 20. Nh4 Rh8 21. Bh5
Qd8 22. Qe4 Rc8 23. Bxf7 Kxf7 24. Qf4+ Kg7 25. Qg4+ Qg5 26. Qxe6 Nf8 27. Nf5+
1-0

[Event "AUTO-ADV-2154"]
[Site "http://www.queenalice.com/game.php?id=936147"]
[Date "2011.5.9"]
[Round "1"]
[White "n4ndu"]
[Black "kingpatrick"]
[Result "0-1"]
[WhiteElo "1854"]
[BlackElo "1872"]

1. e4 c5 2. d4 cxd4 3. Qxd4 Nc6 4. Qd1 Nf6 5. Nc3 e5 6. Nf3 Bb4 7. Bd2 O-O 8.
Qe2 d6 9. a3 Ba5 10. Qd3 Bxc3 11. Bxc3 Be6 12. Qb5 Qc7 13. h3 Nxe4 14. Bd3 Nxc3
15. bxc3 a6 16. Qb2 Bd5 17. Be2 Na5 18. O-O Nc4 19. Bxc4 Qxc4 20. Rae1 Rac8 21.
Re3 b5 22. Nd2 Qc6 23. f3 Qb6 24. Re1 Rc6 25. Kh1 Rfc8 26. Nb1 a5 27. Rd3 Bc4
28. Rd2 Kf8 29. Re4 f5 30. Re1 a4 31. Qc1 Qc7 32. Qb2 d5 33. Re3 e4 34. Rd1 Qf4
35. Rde1 Rh6 36. Nd2 Qc7 37. Qb4+ Qc5 38. Nxc4 Qxb4 39. cxb4 Rxc4 40. c3 Rhc6
41. fxe4 dxe4 42. g3 Rxc3 43. Kg2 Rc2+ 44. R1e2 Rxe2+ 45. Rxe2 Rc3 46. Ra2 Ke7
47. Kf2 Ke6 48. Kg2 g5 49. Kf2 h5 50. Kg2 Ke5 0-1

[Event "AUTO-ADV-2154"]
[Site "http://www.queenalice.com/game.php?id=936160"]
[Date "2011.5.9"]
[Round "1"]
[White "MrGreen"]
[Black "n4ndu"]
[Result "0-1"]
[WhiteElo "1423"]
[BlackElo "1828"]

1. Nf3 Nc6 2. d4 d5 3. g3 Nf6 4. Bg2 e6 5. O-O Bd6 6. Nc3 O-O 7. a3 Qe7 8. Qd3
a6 9. e4 dxe4 10. Nxe4 Nxe4 0-1

[Event "AUTO-ADV-2154"]
[Site "http://www.queenalice.com/game.php?id=936168"]
[Date "2011.5.9"]
[Round "1"]
[White "essenfelder"]
[Black "n4ndu"]
[Result "1/2-1/2"]
[WhiteElo "1965"]
[BlackElo "1842"]

1. e4 e5 2. Nf3 Nc6 3. Bc4 Be7 4. d3 d6 5. h3 Nf6 6. Ng5 d5 7. exd5 Nxd5 8. Qf3
Be6 9. Nc3 Bxg5 10. Bxg5 Nf6 11. Bxe6 fxe6 12. Ne4 O-O 13. Nxf6+ gxf6 14. Bh6
Rf7 15. Qg4+ Kh8 16. Qxe6 Qg8 17. O-O-O Re8 18. Qd5 Qg6 19. Be3 a6 20. a3 Rg7
21. g3 Qf7 22. Qxf7 Rxf7 23. Rde1 Ree7 24. f4 exf4 25. Bxf4 Nd4 26. Rhf1 Rxe1+
27. Rxe1 Kg7 28. c3 Nf3 29. Rf1 Ng5 30. Bxg5 fxg5 31. Rxf7+ Kxf7 32. Kd2 Ke6 33.
Ke3 Kf5 34. g4+ Ke5 35. c4 c5 36. b4 b6 37. bxc5 bxc5 38. a4 a5 39. Kd2 Kf4 40.
d4 cxd4 41. c5 Ke5 42. c6 Kd6 43. c7 Kxc7 44. Kd3 Kd6 45. Kxd4 h6 46. Kc4 Kc6
47. Kd4 Kd6 48. Kc4 Kc6 49. Kd4 Kd6 50. Kc4 1/2-1/2

[Event "AUTO-ADV-2154"]
[Site "http://www.queenalice.com/game.php?id=936169"]
[Date "2011.5.9"]
[Round "1"]
[White "n4ndu"]
[Black "essenfelder"]
[Result "0-1"]
[WhiteElo "1837"]
[BlackElo "2023"]

1. e4 c5 2. d4 Nc6 3. d5 Ne5 4. Bf4 Ng6 5. Qd2 e6 6. dxe6 fxe6 7. Bg3 Nf6 8. Nc3
Be7 9. Nf3 O-O 10. Bd3 d6 11. Bc4 Kh8 12. O-O e5 13. a3 Nh5 14. Ne2 Bg4 15. Qd3
Bxf3 16. gxf3 Nhf4 17. Nxf4 Nxf4 18. Bxf4 Rxf4 19. Kh1 Bh4 20. Qe3 Qf6 21. Be2
Qh6 22. Rg1 Raf8 23. Rg2 R4f6 24. Rf1 Qxe3 25. fxe3 g5 26. h3 h6 27. Rg4 a6 28.
Rxh4 gxh4 29. Kg2 Rg8+ 30. Kf2 Rg3 31. Rh1 b5 32. b3 Rfg6 33. Bf1 Rf6 34. Bg2 a5
35. c4 bxc4 36. bxc4 Rg8 37. Rb1 Rff8 38. Rb6 Rb8 39. Rb5 Rxb5 40. cxb5 c4 41.
Bf1 c3 42. Bd3 Rc8 43. Bc2 Kg7 44. f4 Kf6 45. Ke2 Rg8 46. Kf2 Rg3 47. b6 Rg7 48.
Ke2 Rb7 49. Kd3 Rxb6 50. Kxc3 Rb8 51. Bb3 Rb7 52. Kc4 Rg7 53. Kd5 Ke7 54. fxe5
dxe5 55. Kxe5 Rg3 56. Kf4 Rxh3 57. e5 Rh1 58. Kf3 Rg1 59. Kf2 Rg5 60. e6 h3 0-1

[Event "AUTO-ADV-2054"]
[Site "http://www.queenalice.com/game.php?id=941848"]
[Date "2011.5.24"]
[Round "2"]
[White "n4ndu"]
[Black "pacou93"]
[Result "1-0"]
[WhiteElo "1839"]
[BlackElo "1809"]

1. e4 e5 2. Nf3 Nf6 3. Nc3 Bc5 4. Bc4 O-O 5. Nxe5 Qe8 6. d4 Bb4 7. Bd2 Bxc3 8.
Bxc3 Nxe4 9. Qf3 Nxc3 10. Qxc3 d6 11. O-O dxe5 12. dxe5 c6 13. Rae1 Be6 14. f4
Bxc4 15. Qxc4 Nd7 16. Re2 Qe6 17. Qxe6 fxe6 18. b4 c5 19. b5 Nb6 20. Re4 Nd5 21.
a4 b6 22. Rf3 a6 23. g3 g5 24. c4 Nb4 25. Re2 axb5 26. axb5 Ra2 27. Rxa2 Nxa2
28. Kg2 h6 29. h4 gxf4 30. gxf4 Rd8 31. Kg3 Kf7 32. Rf2 Nc3 33. Rc2 Nd1 34. Kf3
Kg6 35. Kg4 Rg8 36. h5+ Kf7+ 37. Kf3 Rd8 38. Ke2 Rd4 39. Kf3 Rd3+ 40. Ke2 Rh3
41. Kxd1 Rxh5 42. Rf2 Rh3 43. Ke2 Rc3 44. Kf1 Rxc4 45. f5 exf5 46. Rxf5+ Ke6 47.
Rh5 Rb4 48. Rxh6+ Kxe5 49. Rxb6 Kd5 50. Ke2 Rxb5 51. Rxb5 Kd4 52. Kd2 c4 53. Kc2
1-0

[Event "AUTO-ADV-2054"]
[Site "http://www.queenalice.com/game.php?id=941849"]
[Date "2011.5.24"]
[Round "2"]
[White "pacou93"]
[Black "n4ndu"]
[Result "0-1"]
[WhiteElo "1843"]
[BlackElo "1825"]

1. e4 e5 2. Nf3 Nc6 3. Bc4 Be7 4. O-O Nf6 5. Ng5 O-O 6. Nc3 h6 7. Nf3 d6 8. d3
Bg4 9. h3 Bh5 10. Be3 a6 11. d4 Bg6 12. a3 Nxe4 13. Nxe4 Bxe4 14. dxe5 Bxf3 15.
Qxf3 Nxe5 16. Qe2 Nxc4 17. Qxc4 Bf6 18. Bd4 c6 19. Rfe1 d5 20. Qc3 Bxd4 21. Qxd4
Qd7 22. c4 Rad8 23. b4 dxc4 24. Qxc4 Rfe8 25. Kf1 Rxe1+ 26. Rxe1 Kf8 27. Qc5+
Kg8 28. f3 Re8 29. Re3 Rxe3 30. Qxe3 Qd1+ 31. Qe1 Qd3+ 32. Qe2 Qxa3 33. b5 Qc1+
34. Kf2 Qc5+ 35. Qe3 Qxe3+ 36. Kxe3 axb5 37. Kd4 b6 38. Kc3 f6 39. Kb4 Kf7 0-1

[Event "AUTO-ADV-2054"]
[Site "http://www.queenalice.com/game.php?id=941850"]
[Date "2011.5.24"]
[Round "2"]
[White "n4ndu"]
[Black "DURIN09"]
[Result "0-1"]
[WhiteElo "1847"]
[BlackElo "2056"]

1. e4 d6 2. Nf3 g6 3. Nc3 Bg7 4. d4 a6 5. Bc4 b5 6. Bb3 e6 7. a3 Nf6 8. Bg5 Qd7
9. e5 Ng4 10. a4 Bb7 11. O-O dxe5 12. d5 exd5 13. Bxd5 Bxd5 14. Qxd5 c6 15.
Qxd7+ Nxd7 16. Ne4 O-O 17. b4 f5 18. Nc5 Nxc5 19. h3 Nxa4 20. hxg4 e4 21. Rxa4
bxa4 22. Nh2 a3 23. Rc1 a2 24. c3 Bxc3 0-1

[Event "AUTO-ADV-2054"]
[Site "http://www.queenalice.com/game.php?id=941851"]
[Date "2011.5.24"]
[Round "2"]
[White "DURIN09"]
[Black "n4ndu"]
[Result "1-0"]
[WhiteElo "2060"]
[BlackElo "1832"]

1. d4 d5 2. Nf3 Nf6 3. e3 Bg4 4. h3 Bh5 5. Be2 h6 6. O-O Bg6 7. c4 c6 8. Qb3 Qc7
9. Nc3 e6 10. Ne5 Bh7 11. e4 Nxe4 12. Nxe4 Bxe4 13. Bf4 Bd6 14. c5 Bf8 15. Ng6
Qd7 16. Nxh8 Na6 17. Rfe1 Be7 18. Nxf7 Kxf7 19. a3 Nc7 20. Qxb7 1-0

[Event "AUTO-ADV-2265"]
[Site "http://www.queenalice.com/game.php?id=980040"]
[Date "2011.9.1"]
[Round "1"]
[White "pe4"]
[Black "n4ndu"]
[Result "1-0"]
[WhiteElo "1871"]
[BlackElo "1771"]

1. c4 e5 2. Nc3 Nc6 3. g3 d6 4. Bg2 Bd7 5. d3 Nf6 6. e4 Be7 7. Nf3 Bg4 8. O-O
Nd4 9. Ne2 Bxf3 10. Bxf3 Nxf3+ 11. Kg2 Nd4 12. Nxd4 1-0

[Event "AUTO-ADV-2265"]
[Site "http://www.queenalice.com/game.php?id=980041"]
[Date "2011.9.1"]
[Round "1"]
[White "n4ndu"]
[Black "pe4"]
[Result "0-1"]
[WhiteElo "1784"]
[BlackElo "1858"]

1. e4 c5 2. Nf3 Nc6 3. c4 g6 4. d4 cxd4 5. Nxd4 Bg7 6. Nxc6 bxc6 7. Bd2 Bxb2 8.
Nc3 Bxa1 9. Qxa1 e5 10. c5 Nf6 11. Na4 Qe7 0-1